| 000 -LEADER |
| fixed length control field |
00720nam a22002177a 4500 |
| 008 - FIXED-LENGTH DATA ELEMENTS--GENERAL INFORMATION |
| fixed length control field |
140609b xxu||||| |||| 00| 0 eng d |
| 020 ## - INTERNATIONAL STANDARD BOOK NUMBER |
| International Standard Book Number |
0300033648 |
| 041 0# - LANGUAGE CODE |
| Language code of text/sound track or separate title |
eng |
| 080 ## - UNIVERSAL DECIMAL CLASSIFICATION NUMBER |
| Universal Decimal Classification number |
355 |
| 100 ## - Rafti |
| Rafti |
Brams, Steven J. |
| 245 10 - TITLE STATEMENT |
| Title |
Superpower games : |
| Statement of responsibility, etc |
Steven J. Brams. |
| 260 ## - |
| -- |
New Haven : |
| -- |
Yale University Press, |
| -- |
1985. |
| 300 ## - |
| -- |
176 f.: |
| -- |
21 cm. |
| 500 ## - |
| -- |
Preface : f. XI-XIV |
| 500 ## - |
| -- |
Bibliography: f. 159-169 |
| 505 ## - |
| -- |
Index: f. 171-176 |
| 650 #0 - |
| -- |
Politika ushtarake |
| -- |
Modelet matematike |
| 650 #0 - |
| -- |
Marrëdhëniet ndërkombëtare |
| -- |
Modelet matematikore |
| 650 #0 - |
| -- |
SHBA |
| -- |
Marrëdhëniet ushtarake |
| -- |
Bashkimi Sovjetik |
| 942 ## - ADDED ENTRY ELEMENTS (KOHA) |
| Source of classification or shelving scheme |
|
| Item type |
Books |